Finančná analýza so zameraním na zadlženosť podnikateľského subjektu bakalárska práca

Saved in:
Bibliographic Details
Main Author: Cvachová, Kristina, 1995-
Corporate Author: Národohospodárska fakulta EU. Katedra financií
Other Authors: Jančovičová Bognárová, Kristína, 1979-
Format: Book
Language:Slovak
Published: Bratislava 2018
Tags: Add Tag
No Tags, Be the first to tag this record!

MARC

LEADER 00000nbm a2200000 4500
001 0245939
005 20181213104458.6
041 0 |a slo 
044 |a SK 
245 1 0 |a Finančná analýza so zameraním na zadlženosť podnikateľského subjektu  |b bakalárska práca  |c Kristina Cvachová ; školiteľ: Kristína Jančovičová Bognárová 
264 1 |a Bratislava  |c 2018 
300 |a 48 s. 
100 1 |a Cvachová, Kristina, 1995- 
700 1 |a Jančovičová Bognárová, Kristína, 1979- 
710 2 |a Národohospodárska fakulta EU. Katedra financií